[Event "XVII Burgas Open"]
[Site "Ourense ESP"]
[Date "2008.07.10"]
[Round "8"]
[White "Almagro Llamas,P"]
[Black "Tamayo Romay,J"]
[Result "1-0"]
[WhiteElo "2492"]
[BlackElo "2217"]

1.e4 c5 2.Nf3 Nc6 3.Bb5 g6 4.Bxc6 bxc6 5.O-O Bg7 6.Re1 Nf6 7.Nc3 O-O 8.e5 Nd5
9.Ne4 Qa5 10.d3 Re8 11.a3 f5 12.Ned2 Ba6 13.c4 Nc7 14.Nb3 Qb6 15.Nxc5 d6
16.Nxa6 Nxa6 17.b4 c5 18.b5 Nc7 19.a4 Ne6 20.Bb2 Qc7 21.exd6 exd6 22.Qd2 Rad8
23.a5 d5 24.cxd5 Rxd5 25.Ng5 Qd7 26.Bxg7 Nxg7 27.b6 c4 28.bxa7 Rd8 29.Qa2 Rxd3
30.Qxc4+ Qd5 31.Qh4 h5 32.Nf3 Rd7 33.Ne5 Rd4  1-0

[Event "XVII Burgas Open"]
[Site "Ourense ESP"]
[Date "2008.07.10"]
[Round "8"]
[White "Mateus,A"]
[Black "Cauchy Fernandez,A"]
[Result "1/2-1/2"]
[WhiteElo "1445"]
[BlackElo "1790"]

1.e4 c5 2.Nf3 Nc6 3.Bb5 e6 4.O-O g6 5.c3 Bg7 6.d4 cxd4 7.cxd4 d5 8.e5 Ne7
9.Nc3 O-O 10.Bg5 Qb6 11.Bxc6 Nxc6 12.Qd2 f6 13.exf6 Bxf6 14.Bxf6 Rxf6 15.a3 Qd8
16.b4 a6 17.Ne5 Nxe5 18.dxe5 Rf5 19.f4 Bd7 20.Ne2 Bb5 21.Rf2 Bxe2 22.Rxe2 Qb6+
23.Kh1 Rc8 24.g3 Qc6 25.Ra2 Rff8 26.Rc2 Qd7 27.Rxc8 Rxc8 28.Re3 Qc6 29.Kg1 Kf7
30.Kf2 Ke7 31.g4 Qc4 32.Rd3 Rf8 33.Rd4 Qb3 34.Rd3 Rxf4+ 35.Qxf4 Qxd3 36.Qf6+ Kd7
37.Qf7+ Kc6 38.Qxe6+  1/2-1/2

[Event "ch-BEL"]
[Site "Eupen BEL"]
[Date "2008.07.11"]
[Round "7"]
[White "Cools,G"]
[Black "Daels,M"]
[Result "1-0"]
[WhiteElo "2327"]
[BlackElo "2212"]

1.e4 c5 2.Nf3 Nc6 3.Bb5 Nf6 4.Nc3 g6 5.O-O Bg7 6.Re1 O-O 7.h3 Nd4 8.a4 d5
9.exd5 Nxd5 10.Bc4 e6 11.Ne4 b6 12.d3 Bb7 13.c3 Nxf3+ 14.Qxf3 h6 15.Qg3 e5
16.f4 f5 17.Qxg6 fxe4 18.dxe4 exf4 19.exd5 Qh4 20.Re7 Qxe7 21.d6+ Qf7 22.Bxf7+ Rxf7
23.Qe6 Bc6 24.Bxf4 Re8 25.Qg4 h5 26.Qg5 Re2 27.g3 Rg2+ 28.Kf1 Rxb2 29.Re1 Rd2
30.Re7 Bxa4 31.Rxf7 Rd1+ 32.Ke2 Kxf7 33.Qxh5+ Kg8 34.Qg5 Kh7 35.Qf5+ Kg8
36.Qe6+ Kh8 37.Be5 Bxe5 38.Qxe5+ Kg8 39.Qg5+  1-0

[Event "ch-PHI Finals"]
[Site "Mandaluyong PHI"]
[Date "2008.07.11"]
[Round "14"]
[White "Gomez,Joh"]
[Black "Pascua,H"]
[Result "1-0"]
[WhiteElo "2457"]
[BlackElo "2174"]

1.e4 c5 2.Nf3 Nc6 3.Bb5 g6 4.Bxc6 dxc6 5.d3 Bg7 6.Nc3 Bg4 7.h3 Bxf3 8.Qxf3 e5
9.Be3 Qd6 10.Qe2 Nf6 11.Qd2 O-O 12.g4 Rfd8 13.f3 c4 14.O-O-O cxd3 15.Qxd3 Qxd3
16.Rxd3 Rxd3 17.cxd3 Nd7 18.Rd1 Kf8 19.Kc2 Ke7 20.b4 a6 21.a4 Ke6 22.Rb1 Rh8
23.a5 h5 24.g5 Rd8 25.Na4 Bf8 26.Kc3 Bd6 27.Nc5+ Nxc5 28.bxc5 Bc7 29.Rxb7 Bxa5+
30.Kc4 Rd7 31.Rb8 Rd8 32.Rb1 Ra8 33.f4 f6 34.gxf6 Kxf6 35.fxe5+ Kxe5 36.Ra1 Bd8
37.Rf1 Ke6 38.d4 a5 39.Rg1 Kf7 40.d5 Bf6 41.Rf1 Ke7 42.e5 cxd5+ 43.Kxd5 Rd8+
44.Ke4 Bh4 45.c6 a4 46.c7 Ra8 47.Rb1 Rc8 48.Bc5+ Kd7 49.Bd6 Be7 50.Kd5 Rxc7
51.Bxc7 Kxc7 52.Ke6 Bc5 53.Kf7 g5 54.e6  1-0

[Event "19th Czech Oce Open"]
[Site "Pardubice CZE"]
[Date "2008.07.11"]
[Round "2"]
[White "Kanovsky,D"]
[Black "Kaplan,T"]
[Result "1-0"]
[WhiteElo "2409"]
[BlackElo "2035"]

1.e4 c5 2.Nf3 Nc6 3.Bb5 g6 4.Bxc6 dxc6 5.h3 Bg7 6.d3 Nf6 7.O-O O-O 8.Nc3 Qc7
9.Be3 b6 10.Qd2 Re8 11.Bh6 Bh8 12.Ng5 Nh5 13.f4 Bd4+ 14.Kh2 Ng7 15.Nf3 Bf6
16.Rae1 Ne6 17.e5 Bh8 18.f5 Nd4 19.fxg6 hxg6 20.Bf4 Be6 21.Ng5 Rad8 22.Qf2 Rf8
23.Qh4  1-0

[Event "19th Czech Oce Open"]
[Site "Pardubice CZE"]
[Date "2008.07.11"]
[Round "3"]
[White "Nun,Ji"]
[Black "Holemar,D"]
[Result "1/2-1/2"]
[WhiteElo "2380"]
[BlackElo "2330"]

1.e4 c5 2.Nf3 Nc6 3.Bb5 Nf6 4.Nc3 a6 5.Bxc6 dxc6 6.h3 e5 7.d3 Qc7 8.Be3 Be6
9.a4 a5 10.b3 Rd8 11.Nd2 Nd7 12.O-O Be7 13.f4 f6 14.Nc4 O-O 15.Qd2 exf4 16.Bxf4 Ne5
17.Nxe5 fxe5 18.Bg5 Rxf1+ 19.Rxf1 Rf8 20.Bxe7 Qxe7 21.Rxf8+ Qxf8 22.Ne2 b6
23.Qe1 Qf6 24.Ng3  1/2-1/2

[Event "60th ch-MNE Youth"]
[Site "Cetinje MNE"]
[Date "2008.07.12"]
[Round "6"]
[White "Zecevic,I"]
[Black "Andreev,Sa"]
[Result "0-1"]
[WhiteElo "1853"]
[BlackElo "2021"]

1.e4 c5 2.Nf3 Nc6 3.Bb5 g6 4.O-O Bg7 5.c3 e5 6.Re1 Nge7 7.d3 O-O 8.Be3 d6
9.d4 cxd4 10.cxd4 Bg4 11.d5 Bxf3 12.Qxf3 Qa5 13.Na3 Nd4 14.Bxd4 exd4 15.Qb3 a6
16.Bd3 b5 17.f4 g5 18.f5 Be5 19.Nc2 Rab8 20.g3 Kg7 21.Rec1 Rfc8 22.a3 Qb6
23.Ne1 g4 24.Kg2 Ng8 25.Qd1 Nf6 26.Rc2 Rc5 27.Qd2 Rbc8 28.Rac1 h6 29.Kf1 a5
30.Kg2 Kh7 31.Kf1 Rb8 32.Kg2 Kg7 33.Kf1 a4 34.Qb4 Nd7 35.Be2 Rxc2 36.Rxc2 Nc5
37.Bd3 Rb7 38.Kf2 Qd8 39.Kg1 Qg5 40.Re2 Qc1 41.Kg2 Qd1 42.Qd2 Qxd2 43.Rxd2 b4
44.axb4 Rxb4 45.Kf2 Rb3 46.Ke2 Bf6 47.Bc4 Re3+ 48.Kd1 Nxe4 49.Re2 Nc5 50.Rxe3 dxe3
51.Ke2 Bxb2 52.Kxe3 Kf6 53.Kf4 h5 54.Nd3 Nxd3+ 55.Bxd3 Bd4 56.Bc2 a3 57.Bb1 Bg1
58.Ke4 Bxh2 59.Kf4 Bg1 60.Ba2 Bf2 61.Bb1 Be1 62.Ba2 Bd2+ 63.Ke4 Kg5 64.Kd3 Be1  0-1

[Event "ch-BEL"]
[Site "Eupen BEL"]
[Date "2008.07.12"]
[Round "8"]
[White "Le Quang,K"]
[Black "Leenaerts,R"]
[Result "0-1"]
[WhiteElo "2273"]
[BlackElo "2161"]

1.e4 c5 2.Nf3 Nc6 3.Bb5 d6 4.O-O Bd7 5.Re1 a6 6.Bxc6 Bxc6 7.d4 cxd4 8.Nxd4 Qc7
9.Nc3 e6 10.Nd5 Bxd5 11.exd5 e5 12.Qf3 g6 13.Bg5 Bg7 14.Rac1 h6 15.Bh4 Ne7
16.Bxe7 Qxe7 17.c4 O-O 18.b4 Rac8 19.Nb3 Qd7 20.Na5 Rc7 21.Qe3 b5 22.Nc6 bxc4
23.Rxc4 f5 24.Qb6 Rcc8 25.a4 Ra8 26.b5 axb5 27.Qxb5 f4 28.f3 g5 29.Rb1 Kh8
30.Nd4 Qa7  0-1

[Event "ch-PHI Finals"]
[Site "Mandaluyong PHI"]
[Date "2008.07.12"]
[Round "16"]
[White "Gomez,Joh"]
[Black "So,W"]
[Result "0-1"]
[WhiteElo "2457"]
[BlackElo "2577"]

1.e4 c5 2.Nf3 Nc6 3.Bb5 e6 4.Bxc6 bxc6 5.b3 Ne7 6.Ba3 Ng6 7.O-O Be7 8.d4 cxd4
9.Bxe7 Qxe7 10.Qxd4 O-O 11.c4 c5 12.Qd3 Bb7 13.Re1 f5 14.e5 Nf4 15.Qe3 g5
16.Nbd2 Kh8 17.Red1 Nxg2 18.Kxg2 g4 19.Qf4 gxf3+ 20.Kf1 Rg8 21.Nxf3 Rg4 22.Qe3 Rag8
23.Nd2 f4 24.Qc3 Qg7 25.Ke2 f3+ 26.Nxf3 Re4+ 27.Kd2 Rf8  0-1

[Event "19th Czech Oce Open"]
[Site "Pardubice CZE"]
[Date "2008.07.12"]
[Round "5"]
[White "Nun,Ji"]
[Black "Chernyshov,K"]
[Result "0-1"]
[WhiteElo "2380"]
[BlackElo "2565"]

1.e4 c5 2.Nf3 Nc6 3.Bb5 e6 4.b3 Nge7 5.Bb2 a6 6.Bxc6 Nxc6 7.O-O b5 8.d4 cxd4
9.Nxd4 Bb7 10.Nxc6 Bxc6 11.Nd2 Qh4 12.Qe2 Bb4 13.Rae1 O-O 14.c3 Bd6 15.Nf3 Qh5
16.c4 f5 17.e5 Bb4 18.Rd1 Rab8 19.Rd3 bxc4 20.bxc4 Bc5 21.Ba3 Bxa3 22.Rxa3 Rb4
23.Rc1 Rfb8 24.h3 Rb2 25.Rc2 Qh6 26.Ne1 Rb1 27.Rd2 Qf4 28.Re3 a5 29.Qd3 Rc1
30.Rd1 Rxd1 31.Qxd1 Qxc4 32.Qd6 Qb4 33.Qd1 a4 34.a3 Qc5 35.Qa1 f4 36.Rd3  0-1

[Event "ch-BEL"]
[Site "Eupen BEL"]
[Date "2008.07.13"]
[Round "9"]
[White "Le Quang,K"]
[Black "Denayer,E"]
[Result "1/2-1/2"]
[WhiteElo "2273"]
[BlackElo "2265"]

1.e4 c5 2.Nf3 Nc6 3.Bb5 g6 4.O-O Bg7 5.c3 e5 6.d4 cxd4 7.cxd4 Nxd4 8.Nc3 Ne7
9.Bg5 f6 10.Nxd4 exd4 11.Qxd4 Nc6 12.Bxc6 dxc6 13.Qxd8+ Kxd8 14.Bh4 Ke8 15.f4 Kf7
16.f5 gxf5 17.exf5 Re8 18.Rad1 Bf8 19.g4 b6 20.Kg2 Bb7 21.Rd7+ Re7 22.Rfd1 Re8
23.R7d6 Bg7 24.Kf2 c5 25.R1d2 h5 26.h3 hxg4 27.hxg4 Rh8 28.Bg3 Bh6 29.Re2 Rhe8
30.Rxe7+ Rxe7 31.Nd5 Bxd5 32.Rxd5 Be3+ 33.Kf3 Bd4 34.b3 Re3+ 35.Kg2 Re2+
36.Kf3 Rxa2 37.Rd7+ Ke8 38.Rb7 Ra3 39.Ke4 Rxb3 40.Bf4 Rb1 41.Kd5 Re1 42.Rxa7 Be5
43.Bxe5 Rxe5+ 44.Kd6 c4 45.g5 c3 46.g6 Kf8 47.Ra8+ Kg7 48.Ra7+ Kf8 49.Ra8+  1/2-1/2

[Event "Inautomarket Open"]
[Site "Minsk BLR"]
[Date "2008.07.13"]
[Round "4"]
[White "Kalegin,E"]
[Black "Khismatullin,D"]
[Result "1-0"]
[WhiteElo "2495"]
[BlackElo "2613"]

1.e4 c5 2.Nf3 Nc6 3.Bb5 e6 4.Bxc6 bxc6 5.d3 Ne7 6.Bd2 f6 7.h4 d6 8.h5 e5
9.Nc3 Be6 10.b3 Qd7 11.Na4 Bg4 12.a3 Nc8 13.b4 Nb6 14.c4 Be7 15.h6 g5 16.Be3 Nxa4
17.Qxa4 Kf7 18.Nd2 cxb4 19.axb4 Rhb8 20.f3 Be6 21.Ke2 Rb7 22.Nb3 c5 23.Qxd7 Bxd7
24.b5 Rbb8 25.Ra3 Bd8 26.Rha1 Bb6 27.Bd2 Rb7 28.Ba5 Rab8 29.Bxb6 axb6 30.Ra8 Rxa8
31.Rxa8 Kg6 32.g4 Kxh6 33.Nd2 Kg6 34.Nf1 h5 35.gxh5+ Kxh5 36.Ne3 Kg6 37.Rd8 Ra7
38.Nd5 Ra2+ 39.Ke1 Be6 40.Rxd6 Kf7 41.Rxb6 Ra1+ 42.Kd2 Ra2+ 43.Kc3 Ra3+ 44.Kc2 Ra2+
45.Kc3 Ra3+ 46.Kd2 Ra2+ 47.Ke3 Bh3 48.Rxf6+ Ke8 49.Ra6 Rb2 50.Ra1 Kd8 51.Rg1 Rc2
52.Rxg5 Bf1 53.Rxe5  1-0

[Event "19th Czech Oce Open"]
[Site "Pardubice CZE"]
[Date "2008.07.13"]
[Round "6"]
[White "Chernyshov,K"]
[Black "Kulhanek,T"]
[Result "0-1"]
[WhiteElo "2565"]
[BlackElo "2398"]

1.e4 c5 2.Nf3 Nc6 3.Bb5 g6 4.O-O Bg7 5.Re1 Nf6 6.h3 O-O 7.d3 d6 8.Bxc6 bxc6
9.e5 Nd5 10.b3 a5 11.a4 Nc7 12.Bf4 Ne6 13.Bg3 f6 14.exd6 exd6 15.Nbd2 f5
16.Rb1 h6 17.Qc1 f4 18.Bh2 g5 19.c3 Re8 20.Qc2 h5 21.g4 hxg4 22.hxg4 Nf8
23.Rxe8 Qxe8 24.Nxg5 Bxg4 25.f3 Bf5 26.Nde4 d5 27.Nf2 Qe3 28.Rf1 Ng6 29.Kh1 Ne5
30.Bg1 Nxf3 31.Nd1 Qd2 32.Qxd2 Nxd2 33.Rxf4 Bxd3 34.Bxc5 Be4+ 35.Kg1 Nxb3
36.Ba3 Nd2 37.Bc5 Be5 38.Rf2  0-1

[Event "2nd LCT"]
[Site "Leiden NED"]
[Date "2008.07.14"]
[Round "4"]
[White "Sandipan,C"]
[Black "Slingerland,F"]
[Result "1/2-1/2"]
[WhiteElo "2588"]
[BlackElo "2354"]

1.e4 c5 2.Nf3 Nc6 3.Bb5 g6 4.O-O Bg7 5.c3 Nf6 6.e5 Nd5 7.d4 cxd4 8.cxd4 d6
9.Nc3 Be6 10.exd6 Qxd6 11.Ne4 Qc7 12.Nfg5 Bf5 13.Ng3 Qd7 14.Nxf5 Qxf5 15.Bd3 Qd7
16.Bc4 O-O 17.Be3 Rad8 18.Nf3 Nb6 19.Bb5 Qd5 20.Qe2 a6 21.Bxc6 Qxc6 22.Rac1 Qd6
23.Rc5 Nd7 24.Rc2 Nb8 25.Rd1 Rc8 26.d5 Rxc2 27.Qxc2 Nd7 28.Nd2 Nf6 29.Nc4 Rc8
30.Qe2 Qc7 31.Nb6 Qc2 32.Kf1 Qxe2+ 33.Kxe2 Rc2+ 34.Rd2 Rxd2+ 35.Kxd2 Ng4
36.b3 Nxh2 37.Bc5 Bf8 38.Nc8 Ng4 39.Kc3 f5 40.Nxe7+ Bxe7 41.Bxe7 Nxf2 42.Kd4 Kf7
43.Bh4 Ne4 44.Ke5 a5 45.g4 Ke8 46.gxf5 gxf5 47.Kxf5 Nc5 48.Ke5 Kd7 49.Kd4 Na6
50.Kc4 Nb4 51.a4 h5 52.Bf2 Kc7 53.Bg3+ Kd7 54.Kc5 Nd3+ 55.Kb6 Nc1 56.Kxa5 Nxb3+
57.Kb6 Kc8 58.a5 Nd2 59.d6 Nc4+ 60.Kb5 Ne3 61.Kc5 Kd7 62.Bf4 Nf5 63.Kd5 h4
64.Kc5  1/2-1/2

[Event "I Open"]
[Site "Sabadell ESP"]
[Date "2008.07.14"]
[Round "2"]
[White "Wong Castaneda,A"]
[Black "Jankovic,A"]
[Result "1/2-1/2"]
[WhiteElo "2139"]
[BlackElo "2532"]

1.e4 c5 2.Nf3 Nc6 3.Bb5 e6 4.O-O Nge7 5.Re1 a6 6.Bf1 d5 7.exd5 Qxd5 8.Nc3 Qd8
9.d3 Nf5 10.b3 Be7 11.Bb2 O-O 12.Ne4 f6 13.g3 e5 14.Bg2 Be6 15.a4 Nb4 16.Ned2 Rb8
17.a5 Bf7 18.Nc4 Nd4 19.Bxd4 cxd4 20.Nfd2 Nc6 21.Rf1 Bb4 22.Bxc6 bxc6 23.Nb6 Be6
24.f3 Bxa5 25.Rxa5 Qxb6 26.Qa1 Qb4 27.Rf2 Bc8 28.Re2 Rb5 29.Ra4 Qd6 30.Qe1 Qd5
31.Rf2 Ra5 32.Rb4 Rb5 33.Ra4 c5 34.Nc4 Re8 35.Qe4 Qd7 36.Na5 Qc7 37.Qc6 Qd8
38.Nc4 Re6 39.Qa8 h6 40.Rf1 Kh7 41.h4 f5 42.f4 exf4 43.Rxf4 Re1+ 44.Rf1 Rxf1+
45.Kxf1 Qd7 46.Nd6 Bb7 47.Qf8 Rb6 48.Nxb7 Rxb7 49.Rxa6 Qd5 50.Qd6 Qf3+ 51.Kg1 Qd1+
52.Kg2 Qxc2+ 53.Kh3 Qxb3 54.Qg6+ Kh8 55.Qxf5 Rb8 56.Rc6 Qb7 57.Rxc5 Qh1+
58.Kg4 Re8 59.Rc8 Qe1 60.Rxe8+ Qxe8 61.h5 Qe2+ 62.Kh3 Qe3 63.Qf8+ Kh7 64.Qf5+ Kg8
65.Kg4 Qe2+ 66.Kh3 Qe3 67.Kg4  1/2-1/2

[Event "ch-SUI"]
[Site "Samnaun SUI"]
[Date "2008.07.14"]
[Round "5"]
[White "Sedina,E"]
[Black "Raetsky,A"]
[Result "1/2-1/2"]
[WhiteElo "2344"]
[BlackElo "2421"]

1.e4 c5 2.Nf3 Nc6 3.Bb5 e6 4.O-O Nge7 5.Nc3 a6 6.Bxc6 Nxc6 7.d4 cxd4 8.Nxd4 d6
9.Re1 Be7 10.Nxc6 bxc6 11.Qg4 Kf8 12.b3 e5 13.Qe2 Be6 14.Bb2 Qc7 15.Rad1 f6
16.Na4 Kf7 17.c4 Rhd8 18.Nc3 Kg8 19.Rf1 Bf8 20.Kh1 Bf7 21.Qe3 Rab8 22.Rd2 Qa5
23.Rfd1  1/2-1/2

[Event "Superfinal Chelyabinsk Oblast"]
[Site "Satka RUS"]
[Date "2008.07.14"]
[Round "9"]
[White "Looshnikov,N"]
[Black "Matsenko,S"]
[Result "1-0"]
[WhiteElo "2462"]
[BlackElo "2440"]

1.e4 c5 2.Nf3 Nc6 3.Bb5 e6 4.O-O Nge7 5.Re1 a6 6.Bf1 d5 7.exd5 Nxd5 8.d4 Nf6
9.Be3 Be7 10.c4 cxd4 11.Nxd4 Bd7 12.Nc3 O-O 13.h3 Rc8 14.Nf3 Na5 15.Ne5 Nc6
16.Nxd7 Nxd7 17.Ne4 Nf6 18.Qxd8 Rfxd8 19.Bb6 Rd7 20.Rad1 Rxd1 21.Nxf6+ Bxf6
22.Rxd1 Nb8 23.b3 Kf8 24.g4 Ke8 25.Bg2 Nc6 26.f4 Bd8 27.Be3 Bc7 28.Be4 h6
29.f5 Rd8 30.Rxd8+ Bxd8 31.fxe6 fxe6 32.Kf2 Kd7 33.Kg3 Kd6 34.h4 Ke5 35.Bg2 Ba5
36.g5 hxg5 37.hxg5 Kf5 38.Bh3+ Ke4 39.Bc5 Bd2 40.Kh4 Nb4 41.Bxe6 Nxa2 42.Bf8 g6
43.Kg4 Nc1 44.Bf7 Nxb3 45.Bxg6+ Kd4 46.Bf7 Bxg5 47.Kxg5 Nd2 48.c5 a5 49.Kf5 Nc4
50.Be8 Kd5 51.Ba4 Nb2 52.Bb3+ Kc6 53.Ke4 Kb5 54.Bd5 a4 55.Bxb7 a3 56.Bd5 Na4
57.Kd4  1-0

[Event "Maestro Open"]
[Site "Berdsk RUS"]
[Date "2008.07.15"]
[Round "8"]
[White "Kiryushkin,A"]
[Black "Gerasimov,Nikolay"]
[Result "1-0"]
[WhiteElo "2042"]
[BlackElo "2122"]

1.e4 c5 2.Nf3 Nc6 3.Bb5 a6 4.Bxc6 dxc6 5.d3 g6 6.h3 Bg7 7.Nc3 Nf6 8.Be3 b6
9.O-O Qc7 10.a4 a5 11.d4 c4 12.Qe2 Ba6 13.Rfe1 O-O 14.Nd2 b5 15.axb5 cxb5
16.e5 Ne8 17.Nce4 Bb7 18.Nc5 Bd5 19.c3 Qc6 20.f3 f6 21.Bf4 f5 22.Qe3 e6 23.Bh6 Nc7
24.Bxg7 Kxg7 25.Qg5 Qe8 26.Nf1 h6 27.Qd2 g5 28.Ne3 Bc6 29.Rad1 a4 30.Nc2 Nd5
31.Ne3 Qe7 32.Nxd5 Bxd5 33.Kh2 h5 34.Rf1 Rh8 35.Qf2 g4 36.Qg3 Kf7 37.h4 gxf3
38.gxf3 a3 39.bxa3 Rxa3 40.Ne4 Bxe4 41.Rg1 Ke8 42.fxe4 fxe4 43.Qg6+ Kd8 44.Qxe4 Ra2+
45.Kh1 Ra7 46.d5 exd5 47.Rxd5+ Kc8 48.Rxb5 Qe6 49.Rc5+ Kd8 50.Rd1+ Ke7 51.Qe3 Rg8
52.Rxc4 Ra5 53.Rc7+ Ke8 54.Qd3 Rxe5 55.Qd8+  1-0

[Event "60th ch-MNE Youth"]
[Site "Cetinje MNE"]
[Date "2008.07.15"]
[Round "9"]
[White "Lukovic,V"]
[Black "Andreev,Sa"]
[Result "1/2-1/2"]
[WhiteElo "1999"]
[BlackElo "2021"]

1.e4 c5 2.Nf3 Nc6 3.Bb5 g6 4.Bxc6 dxc6 5.d3 Bg7 6.h3 Nf6 7.e5 Nd7 8.Bf4 Qa5+
9.Nc3 c4 10.d4 Nb6 11.Bd2 Na4 12.b4 Nxc3 13.Bxc3 Qd5 14.O-O O-O 15.Nh2 b6
16.Qe2 f5 17.f4 e6 18.Rfd1 Bb7 19.Qf2 Rf7 20.Nf1 b5 21.a4 Bh6 22.Bd2 Qd8
23.Qg3 Bf8 24.c3 a5 25.axb5 cxb5 26.bxa5 Rxa5 27.Rxa5 Qxa5 28.Qe1 Qb6 29.Ne3 Rd7
30.Kh2 Qc6 31.Qf1 Bh6 32.Nc2 Bf8 33.Rb1 Qd5 34.Nb4 Bxb4 35.Rxb4 Bc6 36.Qf3 Qxf3
37.gxf3 Ra7 38.Kg3 Ra2 39.Be1 Re2 40.Bf2 g5 41.d5  1/2-1/2

[Event "2nd LCT"]
[Site "Leiden NED"]
[Date "2008.07.15"]
[Round "5"]
[White "Van den Doel,E"]
[Black "Van der Wiel,J"]
[Result "1-0"]
[WhiteElo "2568"]
[BlackElo "2504"]

1.e4 c5 2.Nf3 Nc6 3.Bb5 g6 4.Bxc6 bxc6 5.O-O Bg7 6.Re1 f6 7.c3 Nh6 8.d4 cxd4
9.cxd4 Nf7 10.b3 O-O 11.Nbd2 a5 12.Ba3 d6 13.Rc1 Ra6 14.Qe2 Qd7 15.Nc4 a4
16.b4 d5 17.Na5 e6 18.e5 fxe5 19.dxe5 g5 20.h3 h5 21.Bb2 g4 22.Nh2 Ng5 23.hxg4 Ne4
24.Bd4 Qc7 25.gxh5 Bxe5 26.Qg4+ Kh8 27.Rxe4 dxe4 28.Qg3  1-0

[Event "Kings Gambit B"]
[Site "Lipetsk RUS"]
[Date "2008.07.15"]
[Round "7"]
[White "Airapetian,G"]
[Black "Bazarov,K"]
[Result "1-0"]
[WhiteElo "2351"]
[BlackElo "2234"]

1.e4 c5 2.Nf3 Nc6 3.Bb5 d6 4.O-O Bd7 5.c3 Nf6 6.Re1 a6 7.Ba4 e5 8.h3 c4 9.Bc2 Be7
10.b3 cxb3 11.axb3 Rc8 12.Ba3 O-O 13.d4 Qc7 14.d5 Na7 15.Nxe5 Nb5 16.Nxd7 Nxd7
17.Bb4 Bf6 18.Re3 Ra8 19.Ra5 b6 20.Ra4 a5 21.Ba3 Nxa3 22.Nxa3 Nc5 23.Rc4 Qd7
24.Qg4 Qe7 25.Nb5 g6 26.f4 Bg7 27.e5 dxe5 28.d6 Qd7 29.Qxd7 Nxd7 30.fxe5 Nxe5
31.Rc7 Bf6 32.Be4 Rad8 33.Bd5 Kg7 34.Rb7 Rb8 35.Re7 Bxe7 36.dxe7 Rfe8 37.Rxe5 Kf6
38.Re3 Rxe7 39.Kf2 Rxe3 40.Kxe3 Re8+ 41.Kd4 Ke7 42.Bxf7 Kxf7 43.Nd6+ Ke7
44.Nxe8 Kxe8 45.Kc4 Kd7 46.Kb5 Kc7 47.c4 Kb7 48.c5 bxc5 49.Kxc5 Ka6 50.h4 h6
51.g4  1-0

[Event "Inautomarket Open"]
[Site "Minsk BLR"]
[Date "2008.07.15"]
[Round "6"]
[White "Lanin,A"]
[Black "Fedorov,Alex"]
[Result "1/2-1/2"]
[WhiteElo "2456"]
[BlackElo "2560"]

1.e4 c5 2.Nf3 Nc6 3.Bb5 e6 4.O-O Nge7 5.c3 a6 6.Be2 d5 7.exd5 Nxd5 8.d4 cxd4
9.Nxd4 Bd6 10.Bf3 O-O 11.Nxc6 bxc6 12.Nd2 Qc7 13.g3 e5 14.c4 Nf6 15.Qc2 Rb8
16.b3 Bc5 17.Bb2 Re8 18.Rfe1 Bd7 19.Rad1 Re7  1/2-1/2

[Event "Heart of Finland"]
[Site "Jyvaskyla FIN"]
[Date "2008.07.16"]
[Round "7"]
[White "Haapasalo,JP"]
[Black "Kyburz,S"]
[Result "1/2-1/2"]
[WhiteElo "2167"]
[BlackElo "2066"]

1.e4 c5 2.Nf3 Nc6 3.Bb5 g6 4.Bxc6 dxc6 5.h3 Bg7 6.d3 e5 7.Be3 b6 8.a3 Ne7
9.Qd2 O-O 10.Bh6 Qd6 11.Bxg7 Kxg7 12.Qc3 f6 13.Nbd2 Be6 14.b4 cxb4 15.axb4 Rfc8
16.Nc4 Bxc4 17.dxc4 c5 18.b5 a5 19.bxa6  1/2-1/2

[Event "ch-SUI"]
[Site "Samnaun SUI"]
[Date "2008.07.16"]
[Round "7"]
[White "Sedina,E"]
[Black "Carron,J"]
[Result "1/2-1/2"]
[WhiteElo "2344"]
[BlackElo "2401"]

1.e4 c5 2.Nf3 Nc6 3.Bb5 e6 4.O-O Nge7 5.Nc3 e5 6.Re1 Ng6 7.Nd5 Be7 8.c3 a6
9.Bf1 d6 10.h3 Nh4 11.Nxh4 Bxh4 12.d3 O-O 13.g3  1/2-1/2

[Event "Ch-AY Boys U18"]
[Site "Tehran IRI"]
[Date "2008.07.16"]
[Round "1"]
[White "Toufighi,H"]
[Black "Pradeep,KR"]
[Result "1-0"]
[WhiteElo "2425"]
[BlackElo "2250"]

1.e4 c5 2.Nf3 Nc6 3.Bb5 g6 4.O-O Bg7 5.Re1 Nf6 6.e5 Nd5 7.Nc3 Nc7 8.Bxc6 dxc6
9.Ne4 Ne6 10.d3 O-O 11.Neg5 h6 12.Nxe6 Bxe6 13.Be3 b6 14.Qd2 g5 15.h4 f6
16.exf6 exf6 17.hxg5 fxg5 18.Bxg5 hxg5 19.Rxe6 g4 20.Ng5 g3 21.fxg3 Qd4+
22.Kh2 Rf2 23.Re2 Rf5 24.Rae1 Be5 25.Re4 Qd6 26.Rg4 Kf8 27.Nh3 Re8 28.Re3 Ke7
29.Rf4 Ref8 30.d4 cxd4 31.Rxd4 Qc7 32.Rg4 R8f7 33.Ng5 Rg7 34.Rf3 Qc8 35.Qe3 Rg6
36.Qa3+ Ke8 37.Re4 c5 38.Qa4+ Ke7 39.Qxa7+ Kf8 40.Rxe5 Rxg5 41.Qe7+ Kg8 42.Qxg5+  1-0

[Event "17th ch-MKD"]
[Site "Struga MKD"]
[Date "2008.07.17"]
[Round "4"]
[White "Petrovski,I"]
[Black "Vasovski,N"]
[Result "0-1"]
[WhiteElo "1836"]
[BlackElo "2325"]

1.e4 c5 2.Nf3 Nc6 3.Bb5 g6 4.O-O Bg7 5.c3 Nf6 6.Re1 O-O 7.d4 cxd4 8.cxd4 d5
9.Bxc6 bxc6 10.e5 Ne4 11.Nbd2 Nxd2 12.Bxd2 Qb6 13.b3 Bg4 14.Be3 f6 15.Qd3 Bxf3
16.gxf3 fxe5 17.dxe5 Qb7 18.Bd4 Rf4 19.Rac1 Raf8 20.Qc3 Qc8 21.Be3 Rxf3 22.Qxc6 Qg4+
23.Kh1 e6 24.Rg1 Qh3 25.Qd6 Rxf2 26.Bxf2 Rxf2 27.Rc8+ Bf8 28.Rxf8+ Rxf8 29.Qd7 Qf5
30.Qc7 Qe4+  0-1

[Event "Heart of Finland"]
[Site "Jyvaskyla FIN"]
[Date "2008.07.18"]
[Round "9"]
[White "Alho,S"]
[Black "Valli,F"]
[Result "1-0"]
[WhiteElo "2141"]
[BlackElo "2182"]

1.e4 c5 2.Nf3 Nc6 3.Bb5 g6 4.c3 Qb6 5.Bxc6 Qxc6 6.O-O c4 7.Qe2 Bg7 8.Na3 b5
9.Nd4 Bxd4 10.cxd4 d5 11.f3 Bb7 12.Re1 Nf6 13.e5 Nd7 14.d3 Rc8 15.dxc4 dxc4
16.Bd2 Qb6 17.Nc2 Nf8 18.a3 a5 19.Bc3 Ne6 20.Qd2 Ra8 21.Ne3 O-O 22.Rad1 Rfd8
23.Kh1 Bd5 24.Ng4 Rdb8 25.Qh6 b4 26.axb4 axb4 27.Bd2 Ra2 28.Qh4 Qd8 29.Bc1 Rc8
30.Ne3 Rc7 31.Nxd5 Qxd5 32.Qe4 Rd7 33.Qb1 Ra6 34.Be3 Nc7 35.Qc2 Qb5 36.Rc1 Nd5
37.Bh6 Rc7 38.Ra1 e6 39.Rxa6 Qxa6 40.h3 c3 41.bxc3 Rxc3 42.Qb2 Qa3 43.Ra1  1-0

[Event "19th Czech Chladek & Tintera A Open"]
[Site "Pardubice CZE"]
[Date "2008.07.18"]
[Round "1"]
[White "Ashton,A"]
[Black "Gajewski,G"]
[Result "1/2-1/2"]
[WhiteElo "2303"]
[BlackElo "2575"]

1.e4 c5 2.Nf3 Nc6 3.Bb5 d6 4.O-O Bd7 5.c3 Nf6 6.Re1 a6 7.Bf1 Bg4 8.h3 Bxf3
9.Qxf3 g6 10.d3 Bg7 11.Bg5 O-O 12.Nd2 b5 13.Qe3 Nd7 14.Bh6 Bxh6 15.Qxh6 b4
16.Nf3 bxc3 17.bxc3 Qa5 18.d4 cxd4 19.cxd4 Rfc8 20.e5 dxe5 21.dxe5 Nf8 22.Re4 e6
23.Rae1 Rab8 24.Nh2 Ne7 25.Ng4 Nf5 26.Nf6+ Kh8 27.Qf4 Rc2 28.g4 Nh4 29.R4e3 Kg7
30.Qg5 Qxe1 31.Qxh4 Qd1 32.Rd3 Qe1 33.Re3 Qd1 34.Rd3 Qa1 35.Nh5+ Kg8 36.Qf6 gxh5
37.gxh5 Ng6 38.hxg6 hxg6 39.Rd8+ Rxd8 40.Qxd8+ Kh7 41.Qh4+  1/2-1/2

[Event "19th Czech Chladek & Tintera A Open"]
[Site "Pardubice CZE"]
[Date "2008.07.18"]
[Round "1"]
[White "Yandemirov,V"]
[Black "Samojlov,A"]
[Result "0-1"]
[WhiteElo "2463"]
[BlackElo "2258"]

1.e4 c5 2.Nf3 Nc6 3.Bb5 g6 4.O-O Bg7 5.c3 Nf6 6.Qa4 O-O 7.d4 d5 8.e5 Ne4
9.Bxc6 bxc6 10.Qxc6 Bg4 11.h3 Bf5 12.Be3 c4 13.Nh4 Be6 14.Kh2 Qb8 15.Bc1 a5
16.Qa4 f6 17.Nd2 fxe5 18.Nxe4 dxe4 19.d5 Bxd5 20.g3 e3 21.Bxe3 Qxb2 22.Rab1 Qxc3
23.Rfd1 e6 24.Ng2 Rab8 25.Ne1 Rxb1 26.Rxb1 Bh6 27.Bc5 Qd2 28.Kg1 e4 29.Rd1 Qb2
30.Qc2 Qxc2 31.Nxc2 Rb8 32.Bd4 Bg7 33.Bxg7 Kxg7 34.Ne3 Rb5 35.Rc1 Kf6 36.Kf1 Rc5
37.Rc3 Ke5 38.Ke1 Kd4 39.Kd2 Rb5 40.Nc2+ Kc5 41.Ra3 Kb6 42.Kc1 Rc5 43.Rc3 Rc7
44.Ne3 Kb5 45.Nd1 Rf7 46.Re3 g5 47.Kd2 Kc5 48.Ke1 Rb7 49.Ra3 Kb4 50.Re3 Bc6
51.Nc3 Rd7 52.a3+ Kc5 53.h4 gxh4 54.gxh4 Rd3 55.Ke2 Kd4 56.Rxd3+ exd3+ 57.Kd2 Bd5
58.Nb5+ Ke4 59.Nc3+ Kf3 60.Nd1 Kg4 61.Ne3+ Kxh4 62.f4 Kh5 63.Kc3 Kg6  0-1

[Event "ZMD Open"]
[Site "Dresden GER"]
[Date "2008.07.19"]
[Round "1"]
[White "Fedorchuk,S"]
[Black "Olyschlaeger,R"]
[Result "1-0"]
[WhiteElo "2624"]
[BlackElo "1936"]

1.e4 c5 2.Nf3 Nc6 3.Bb5 g6 4.Bxc6 dxc6 5.d3 Bg7 6.h3 e5 7.Be3 Qe7 8.Qd2 Nf6
9.Bh6 O-O 10.Nc3 Rd8 11.Bxg7 Kxg7 12.O-O-O c4 13.Qg5 cxd3 14.Rxd3 Re8 15.Qe3 b6
16.Rhd1 Qc7 17.Rd6 Re6 18.Qd3 a5 19.Ng5 Rxd6 20.Qxd6 Ra7 21.Nf3 Nd7 22.Qe7 Ba6
23.Rd6 Bf1 24.Nxe5 Nxe5 25.Qxe5+ Kg8 26.Qf6  1-0

[Event "Politiken Cup"]
[Site "Helsingor DEN"]
[Date "2008.07.19"]
[Round "1"]
[White "Glibstrup,J"]
[Black "Cmilyte,V"]
[Result "1/2-1/2"]
[WhiteElo "1971"]
[BlackElo "2508"]

1.e4 c5 2.Nf3 Nc6 3.Bb5 e6 4.Bxc6 bxc6 5.O-O Ne7 6.d3 Ng6 7.c4 f6 8.Nc3 Be7
9.Ne1 O-O 10.f4 f5 11.e5 d5 12.Nf3 Rb8 13.b3 Qc7 14.Na4 a5 15.g3 Rd8 16.Qe2 Bd7
17.Ba3 Qa7 18.Rac1 Be8 19.Qf2 d4 20.Qg2 Nf8 21.h4 Bh5 22.Rb1 h6 23.Rf2 Nh7
24.Bc1 Kh8 25.Rf1 Nf8 26.Rf2 Nd7 27.Rfb2 Qc7 28.Qf2 Rg8 29.Qf1 Rb7 30.Kf2 g6
31.Qe1 Kg7 32.Bd2 Ra8 33.Qh1 Kf7 34.Ke1 Bf8 35.Kd1 Bg7 36.Kc2 Rh8 37.Qf1 Bf8
38.Qf2 Be7 39.Rh1 Rbb8 40.Nh2 Rbg8 41.Rbb1 Ke8 42.Nf3 Qa7 43.Rbf1 Nb6 44.Nxb6 Qxb6
45.a4 Kd7 46.Rb1 Qc7 47.Kb2 Kc8 48.Ka2 Kb7 49.Rbe1 Ka6  1/2-1/2

[Event "Politiken Cup"]
[Site "Helsingor DEN"]
[Date "2008.07.19"]
[Round "1"]
[White "Guttulsrud,O"]
[Black "Aagaard,J"]
[Result "0-1"]
[WhiteElo "1976"]
[BlackElo "2531"]

1.e4 c5 2.Nf3 Nc6 3.Bb5 Na5 4.c3 e6 5.O-O a6 6.Ba4 Nf6 7.Re1 b5 8.Bc2 Bb7
9.d3 Be7 10.Bg5 d6 11.Nbd2 h6 12.Bxf6 Bxf6 13.e5 dxe5 14.Nxe5 Qc7 15.Ndf3 Rd8
16.Qe2 Nc6 17.Rad1 O-O 18.Bb1 g6 19.Qe3 Nxe5 20.Nxe5 Rd5 21.d4 cxd4 22.cxd4 Rfd8
23.Be4 Bxe5 24.Bxd5 Bxh2+ 25.Kf1 Bf4 26.Rc1 Qb8  0-1